00838nam a22002657a 450000500170000001000110001702000100002803500110003803700160004904000120006508200160007710000270009324500570012026000420017727000210021930000290024050000320026965000130030165000190031465000280033365000410036194200250040299900190042795201260044620170124105917.0 a704498 c00.00 a704498 bCen Lib/Ret aDPLbEN a250.33bALA aAlabaster, Henry93110 a The wheel of the law Buddhism /cby Henry Alabaster aVaransibIndological book housec1972 aVaransibVaransi alviii, 323p. c20cm (Hb) aIncludes appendix and index aLaw9104 aBuddhism91068 aकानून9105287 aबुद्ध धर्म9105288 2ddccENh250.33mALA c122925d122925 001040718REFaLbLd2015-05-30eCen Lib/Retg0.00l0o250.33 ALAp704498r2015-05-30 00:00:00t1v0.00w2015-05-30yEN